• 首页
  • 本馆介绍
  • 公告通知
  • 最新文献
  • 馆藏检索
  • 电子资源
  • 读者导购
  • 参考咨询
  • 我的图书馆
  • 登录
  • 详细信息显示
  • 放入我的书架
  • 预约/预借图书
  • 作者相关作品
  • 分类相关作品
  • 丛书相关作品
  • 出版社相关作品

书目信息

  • 表格格式
  • 工作单格式
  • 卡片格式
题名:
仪表飞行程序
    
 
作者: 何光勤 , 陈华群 , 黄邦菊 编著
分册:  
出版信息: 北京   中国民航出版社  2016.07
页数: 245页
开本: 26cm
丛书名:
单 册:
中图分类: V323.11
科图分类:
主题词: 仪表飞行--程序设计
电子资源:
ISBN: 978-7-5128-0375-6
000 01156nam0 2200265 450
001 273
005 20180921155047.33
010    @a978-7-5128-0375-6@dCNY45.00
100    @a20170328d2016 em y0chiy50 ea
101 0  @achi
102    @aCN@b110000
105    @ay z 000yy
200 1  @a仪表飞行程序@9yi biao fei xing cheng xu@f何光勤,陈华群,黄邦菊编著
210    @a北京@c中国民航出版社@d2016.07
215    @a245页@d26cm
300    @a中国民用航空飞行学院飞行技术专业核心教材
330    @a本书主要内容包括机场、仪表飞行程序、ICAO标准的国内航图、航行通告和航空情报资料,涉及机场的道面系统与仪表飞行所需的机场目视助航设施以及有关技术标准和要求,仪表飞行程序的一般准则和规定、程序设计的一般原理和方法、有关技术标准和运行限制、国际民航组织规定的航行资料和使用方法,航空情报资料的查阅和适用方法等从事飞行工作所必须掌握的知识和技能。
510 1  @aInstrument flight procedures@zeng
606 0  @a仪表飞行@x程序设计
690    @aV323.11@v5
701  0 @a何光勤@9he guang qin@f(1961-)@4编著
701  0 @a陈华群@9chen hua qun@c(女,@f1981-)@4编著
701  0 @a黄邦菊@9huang bang ju@4编著
801  0 @aCN@b91MARC@c20170328
905    @aMuseLib@dV323.11@e52
    
    仪表飞行程序/何光勤,陈华群,黄邦菊编著.-北京:中国民航出版社,2016.07
    245页;26cm
    中国民用航空飞行学院飞行技术专业核心教材
    
    ISBN 978-7-5128-0375-6:CNY45.00
    本书主要内容包括机场、仪表飞行程序、ICAO标准的国内航图、航行通告和航空情报资料,涉及机场的道面系统与仪表飞行所需的机场目视助航设施以及有关技术标准和要求,仪表飞行程序的一般准则和规定、程序设计的一般原理和方法、有关技术标准和运行限制、国际民航组织规定的航行资料和使用方法,航空情报资料的查阅和适用方法等从事飞行工作所必须掌握的知识和技能。
●
相关链接 在E读中查询图书 在五车中查询图书 在当当中查询图书 在豆瓣中查询图书


正题名:仪表飞行程序     索取号:V323.11/52         预约/预借

序号 登录号 条形码 馆藏地/架位号 状态 备注
1 1119099   211190995   第二样本阅览室/ [索取号:V323.11/52] 在馆    
2 1119100   211191002   第三借阅区/ [索取号:V323.11/52] 在馆    
3 1119101   211191011   第三借阅区/ [索取号:V323.11/52] 在馆    
4 1119102   211191020   第三借阅区/ [索取号:V323.11/52] 在馆    
5 1119103   211191039   第三借阅区/ [索取号:V323.11/52] 在馆    
唐山师范学院图书馆 欢迎您!
大连网信软件有限公司© 版权所有